| 000 | 01354nam a2200337 c 4500 | ||
|---|---|---|---|
| 003 | BLK | ||
| 005 | 20250320144830.0 | ||
| 008 | 180408b bul|||||r ||||||| ||bul|| | ||
| 010 | _aKNG00049613000 | ||
| 020 |
_a954-484-001-Х _bиздат.: Шери-М - (Шери-М) |
||
| 040 | _aBLK | ||
| 041 |
_aBUL _cBUL |
||
| 080 |
_aАнглийска литература _b821.111 _x-312.4 _z821.111-312.4 |
||
| 100 | 1 |
_aЧейс, Джеймс Хадли _eпърви автор _9241644 |
|
| 700 | 1 |
_aРусинов, Ангел _eпрев. от англ. _9280479 |
|
| 139 |
_aЧейс, Джеймс Хадли _bЧ 49 |
||
| 245 | 1 | 0 |
_aЩе заровя мъртвеца си сам _bРоман _cДжеймс Хадли Чейс; прев. от англ. Ангел Русинов. |
| 257 | _aGBR | ||
| 260 |
_аСофия _bГуторанов и син _bШери-М _c1992 _fВраца : Полипринт |
||
| 300 |
_a178 с. _c20 см |
||
| 380 | _aX | ||
| 500 | _aОриг. загл. I'll Burry My Dead / James Hadley Chase. - Офс. изд. - 30 000 тир. | ||
| 653 | _aкрими | ||
| 653 | _aромани | ||
| 852 | _aЦб 168126 | ||
| 856 | 4 |
_qpdf _u |
|
| 856 | 4 |
_qpdf _u |
|
| 942 |
_cKNG _n0 _08 |
||
| 944 |
_aCR _c22.04.2005 _lМартин Енчев _k30575 |
||
| 944 |
_aED _c04.12.2017 _lф / _kЛюдмила_Стоянова |
||
| 999 |
_c45814 _d45814 |
||